000 00478nam a2200157 4500
001 144368
003 ES-MaACL
005 20230906201013.0
007 t|
008 070214s1957 sp r ||||1| spa d
245 0 0 _aSignificación y características de los pactos colectivos de trabajo.
260 _aMadrid :
_bCentro de Estudios Sindicales,
_c1957.
300 _a44 p. ;
_c24 cm.
710 2 _aCentro de Estudios Sindicales.
_92669
852 _aES-MaACL
_j2006-F-7
_bR.42455
999 _c144368
_d144368